[Event "III Scaccomatto A"]
[Site "Torino ITA"]
[Date "2000.11.22"]
[Round "5"]
[White "Raviola, Giuseppe"]
[Black "Van Hoolandt, Patrick"]
[Result "0-1"]
[WhiteElo "1909"]
[BlackElo "2169"]
[PlyCount "98"]
[EventDate "2000.11.18"]

1. e4 e5 2. Nf3 Nc6 3. Bc4 Bc5 4. O-O d6 5. c3 Qf6 6. d3 Bg4 7. Nbd2 Nge7 8.
Nb3 Bb6 9. Be3 Bxf3 10. Qxf3 Qxf3 11. gxf3 g5 12. Rfd1 Rg8 13. Kf1 Rg6 14. Ke2
f5 15. Rg1 f4 16. Bxb6 axb6 17. a3 Kf8 18. Rg2 Kg7 19. Rag1 h6 20. Nd2 Nb8 21.
Ba2 Nd7 22. Bd5 c6 23. Ba2 Nc5 24. d4 exd4 25. cxd4 Na4 26. Bb3 b5 27. Bc2 Nxb2
28. e5 dxe5 29. Bxg6 Nxg6 30. dxe5 Re8 31. Ne4 Rxe5 32. Rg4 Nc4 33. h4 Nd6 34.
Kd3 Nxe4 35. fxe4 Kf6 36. hxg5+ hxg5 37. f3 Rc5 38. R4g2 Ne5+ 39. Ke2 Rc2+ 40.
Kf1 Rc1+ 41. Ke2 Rc2+ 42. Kf1 Rc3 43. Rxg5 Rxf3+ 44. Ke1 Re3+ 45. Kd1 Rxe4 46.
Rg8 f3 47. Rf8+ Ke6 48. Rg7 b6 49. Rb8 f2 0-1

[Event "III Scaccomatto A"]
[Site "Torino ITA"]
[Date "2000.11.22"]
[Round "5"]
[White "Romanishin, Oleg M."]
[Black "Straub, Peter"]
[Result "1-0"]
[WhiteElo "2602"]
[BlackElo "2086"]
[PlyCount "47"]
[EventDate "2000.11.18"]

1. Nf3 Nf6 2. c4 e6 3. g3 d5 4. Bg2 Nbd7 5. d4 Bb4+ 6. Nc3 c6 7. O-O O-O 8. Qc2
Be7 9. Rd1 b6 10. e4 dxe4 11. Ne5 Bb7 12. Nxe4 Rc8 13. Bf4 Qe8 14. h4 Nxe4 15.
Bxe4 f5 16. Bg2 Nxe5 17. Bxe5 Qg6 18. Re1 Bf6 19. c5 Rcd8 20. Qb3 Bxe5 21. Rxe5
Rxd4 22. Rxe6 Qf7 23. Re7 Qxb3 24. axb3 1-0

[Event "III Scaccomatto A"]
[Site "Torino ITA"]
[Date "2000.11.22"]
[Round "5"]
[White "Scarenzio, Renato"]
[Black "Rossi, Giampiero"]
[Result "1/2-1/2"]
[WhiteElo "2024"]
[BlackElo "2101"]
[PlyCount "53"]
[EventDate "2000.11.18"]

1. d4 d5 2. c4 e6 3. Nc3 Nf6 4. Nf3 Nbd7 5. Bg5 c6 6. e3 Qa5 7. Nd2 Bb4 8. Qc2
O-O 9. Be2 dxc4 10. Bxf6 Nxf6 11. Nxc4 Bxc3+ 12. bxc3 Qc7 13. O-O b6 14. Ne5
Bb7 15. Bd3 c5 16. Rac1 Rac8 17. Rfd1 Rfd8 18. Qb1 h6 19. h3 Qe7 20. Qb5 Rc7
21. Qa4 cxd4 22. cxd4 Rdc8 23. Rxc7 Qxc7 24. Rd2 Qc1+ 25. Rd1 Qc7 26. Rd2 Qc1+
27. Rd1 1/2-1/2

[Event "III Scaccomatto A"]
[Site "Torino ITA"]
[Date "2000.11.22"]
[Round "5"]
[White "Spinelli, Doriano"]
[Black "Fittante, Giuliana"]
[Result "1-0"]
[WhiteElo "2189"]
[BlackElo "1812"]
[PlyCount "87"]
[EventDate "2000.11.18"]

1. e4 e5 2. Nf3 Nf6 3. Nc3 Bb4 4. Nxe5 O-O 5. Be2 Re8 6. Nd3 Bxc3 7. dxc3 Nxe4
8. O-O d5 9. Nf4 c6 10. Be3 Nd6 11. Bd3 Bf5 12. Qf3 Nd7 13. Bd4 Ne5 14. Qg3
Bxd3 15. Bxe5 Nf5 16. Qxd3 Rxe5 17. Rfe1 Qe7 18. Qd2 Re8 19. Rxe5 Qxe5 20. Nd3
Qf6 21. Re1 Re7 22. Qf4 Rxe1+ 23. Nxe1 Nd6 24. Qxf6 gxf6 25. Nd3 Kg7 26. f3 Kg6
27. Kf2 Kg5 28. g3 h5 29. h4+ Kh6 30. a4 b6 31. b3 a5 32. Nf4 Nf5 33. Ne2 c5
34. Nf4 d4 35. c4 Ne3 36. Nd5 Nxc2 37. Ke2 Na1 38. Kd2 Nxb3+ 39. Kc2 Na1+ 40.
Kb2 d3 41. Kxa1 d2 42. Ne3 f5 43. f4 Kg6 44. Kb2 1-0

[Event "III Scaccomatto A"]
[Site "Torino ITA"]
[Date "2000.11.23"]
[Round "6"]
[White "Cantore, Alberto"]
[Black "Malano, Francesco"]
[Result "1-0"]
[WhiteElo "2168"]
[BlackElo "2028"]
[PlyCount "123"]
[EventDate "2000.11.18"]

1. d4 c5 2. d5 e5 3. e4 d6 4. Nc3 a6 5. a4 Be7 6. Nf3 Bg4 7. h3 Bxf3 8. Qxf3
Bg5 9. Bxg5 Qxg5 10. Qg4 Qxg4 11. hxg4 f6 12. a5 Nd7 13. g3 Nh6 14. Be2 Nf7 15.
Kd2 h6 16. Ra3 Kd8 17. Rha1 Kc7 18. Ke3 Rhb8 19. Na4 Nh8 20. b3 Ng6 21. Nb2 Ne7
22. Nc4 Nc8 23. Kd2 Ra7 24. Ne3 Ne7 25. Nf5 Nxf5 26. gxf5 Rba8 27. c3 b5 28.
axb6+ Kxb6 29. b4 cxb4 30. cxb4 a5 31. Rc3 axb4 32. Rc6+ Kb7 33. Rb1 Ra2+ 34.
Ke1 Ra1 35. Rcc1 Rxb1 36. Rxb1 b3 37. Rxb3+ Kc7 38. Rb1 Nc5 39. f3 Ra3 40. Rc1
Kb6 41. Rc2 Ka5 42. Kf2 Kb4 43. Kg2 Kb3 44. Bd1 Ra2 45. Rxa2+ Kxa2 46. Kh3 Kb2
47. Kg4 Kc1 48. Be2 Kd2 49. Bc4 Ke3 50. Ba2 h5+ 51. Kxh5 Kxf3 52. Bb1 Nxe4 53.
Kg6 Nc3 54. Kxg7 Nxd5 55. Ba2 Ke4 56. g4 Ne3 57. Kxf6 d5 58. g5 Kf4 59. g6 Ng4+
60. Ke6 Nh6 61. f6 Kg5 62. f7 1-0

[Event "III Scaccomatto A"]
[Site "Torino ITA"]
[Date "2000.11.23"]
[Round "6"]
[White "Fittante, Giuliana"]
[Black "Antoniacci, Riccardo"]
[Result "0-1"]
[WhiteElo "1812"]
[BlackElo "2065"]
[PlyCount "116"]
[EventDate "2000.11.18"]

1. d4 f5 2. c4 Nf6 3. Nc3 g6 4. Bg5 Bg7 5. e3 d6 6. Nf3 h6 7. Bxf6 Bxf6 8. g3
c6 9. Bg2 Nd7 10. e4 fxe4 11. Nxe4 Qa5+ 12. Nfd2 Bxd4 13. Qg4 Ne5 14. Nxd6+
exd6 15. Qxd4 Bf5 16. O-O O-O-O 17. a3 g5 18. b4 Qa6 19. b5 Qb6 20. Qc3 Rhf8
21. Ne4 Bxe4 22. Bxe4 Qc5 23. bxc6 bxc6 24. Rac1 Rd7 25. Qb4 Qd4 26. c5 Qxb4
27. axb4 d5 28. Bg2 Rb7 29. Rb1 Nd3 30. b5 Rxb5 31. Rxb5 cxb5 32. Bxd5 Rd8 33.
Be4 Rd4 34. Bf5+ Kc7 35. Rd1 Nf4 36. Rxd4 Ne2+ 37. Kf1 Nxd4 38. Be4 Nb3 39. Bd3
a6 40. c6 Kxc6 41. f4 Kd5 42. f5 Ke5 43. g4 Nc1 44. Bc2 b4 45. Ke1 Na2 46. Kd2
Nc3 47. Kd3 a5 48. Kc4 Nd5 49. Kb5 Ne3 50. Bb1 Nxg4 51. Kxa5 Nxh2 52. Kxb4 Ng4
53. Kc5 h5 54. Bd3 h4 55. Be2 Kxf5 56. Bf3 Kf4 57. Bc6 h3 58. Kd4 h2 0-1

[Event "III Scaccomatto A"]
[Site "Torino ITA"]
[Date "2000.11.23"]
[Round "6"]
[White "Genova, Ruzka"]
[Black "Rossi, Giampiero"]
[Result "1-0"]
[WhiteElo "2191"]
[BlackElo "2101"]
[PlyCount "53"]
[EventDate "2000.11.18"]

1. d4 d5 2. Nf3 c6 3. c4 e6 4. Qc2 Nf6 5. e3 Nbd7 6. Bd3 Be7 7. O-O O-O 8. b3
b6 9. Bb2 Bb7 10. Nbd2 Rc8 11. Rad1 Qc7 12. Ne5 h6 13. f4 c5 14. Rde1 dxc4 15.
bxc4 Rfd8 16. Qd1 Bf8 17. Qe2 g6 18. Qf2 Bg7 19. Qg3 Nxe5 20. fxe5 Nh5 21. Qh3
Bxe5 22. g4 Ng7 23. Nf3 Bxf3 24. Rxf3 cxd4 25. Qxh6 dxe3 26. Rh3 Ne8 27. Qh8+
1-0

[Event "III Scaccomatto A"]
[Site "Torino ITA"]
[Date "2000.11.23"]
[Round "6"]
[White "Georgiev, Vladimir"]
[Black "Paragua, Mark"]
[Result "1-0"]
[WhiteElo "2577"]
[BlackElo "2412"]
[PlyCount "75"]
[EventDate "2000.11.18"]

1. d4 Nf6 2. c4 g6 3. Nc3 Bg7 4. e4 d6 5. Bd3 O-O 6. Nge2 Nc6 7. O-O Nh5 8. Bc2
e5 9. d5 Ne7 10. a4 f5 11. exf5 gxf5 12. Ng3 Nf4 13. Ra3 Neg6 14. Nce2 Qh4 15.
Nxf4 Nxf4 16. Bxf4 exf4 17. Nh5 Be5 18. Rh3 Qg5 19. Qd3 Rf7 20. Qd2 Kh8 21. g3
Bd7 22. Nxf4 Rg8 23. Kh1 Bxb2 24. Rh5 Qf6 25. Ne6 Bxe6 26. dxe6 Qxe6 27. Bxf5
Qf6 28. Be4 Re7 29. Qd3 Rg5 30. Rxh7+ Rxh7 31. Bxh7 Qd4 32. Qb1 b6 33. Be4 Bc3
34. Bd5 c6 35. Bxc6 Qxc4 36. Bg2 Rg7 37. Qc1 Kg8 38. Rd1 1-0

[Event "III Scaccomatto A"]
[Site "Torino ITA"]
[Date "2000.11.23"]
[Round "6"]
[White "Jurkovic, Ante"]
[Black "Racioppo, Paolo"]
[Result "1-0"]
[WhiteElo "2370"]
[BlackElo "2189"]
[PlyCount "131"]
[EventDate "2000.11.18"]

1. e4 c5 2. Nf3 a6 3. c4 Nc6 4. d4 cxd4 5. Nxd4 e5 6. Nc2 Nf6 7. Nc3 d6 8. Be2
Be7 9. O-O Be6 10. Bg5 O-O 11. Qd2 Qc7 12. Rfd1 Rfd8 13. Ne3 Rd7 14. Ned5 Bxd5
15. cxd5 Nd4 16. Be3 Nxe2+ 17. Qxe2 b5 18. f3 Rc8 19. Rdc1 Qb8 20. a4 Rb7 21.
axb5 axb5 22. Ra6 b4 23. Na2 Rxc1+ 24. Nxc1 h6 25. Nb3 Bd8 26. Nd2 Kh7 27. Nc4
Ne8 28. b3 Bc7 29. Qa2 Qd8 30. Qa4 Rb8 31. Ra7 Qh4 32. Bf2 Qf4 33. Be3 Qh4 34.
g3 Qh3 35. Bf2 h5 36. Ra8 Qc8 37. Rxb8 Qxb8 38. Kg2 Kg8 39. Be1 Qd8 40. Bxb4 g5
41. Ne3 Ng7 42. Qc6 Qb8 43. Bd2 Bb6 44. Qb5 Qa7 45. Nc4 Bg1 46. Be1 g4 47. fxg4
hxg4 48. Qa5 Qd4 49. Nxd6 Be3 50. Qd8+ Kh7 51. Qh4+ Kg8 52. Qxg4 Qb2+ 53. Kf1
Qxh2 54. Nf5 Qh1+ 55. Ke2 Bh6 56. d6 Kh7 57. Nxg7 Qg2+ 58. Bf2 Bxg7 59. d7 Bf6
60. Qf3 Qxf3+ 61. Kxf3 Bd8 62. Kg4 Kg6 63. Be3 f6 64. Bc5 f5+ 65. exf5+ Kf6 66.
Be3 1-0

[Event "III Scaccomatto A"]
[Site "Torino ITA"]
[Date "2000.11.23"]
[Round "6"]
[White "Lazic, Miroljub"]
[Black "Delchev, Aleksander"]
[Result "0-1"]
[WhiteElo "2488"]
[BlackElo "2548"]
[PlyCount "116"]
[EventDate "2000.11.18"]

1. d4 d6 2. e4 g6 3. Nc3 Bg7 4. Be3 a6 5. a4 b6 6. f3 Nd7 7. Qd2 e6 8. h4 h5 9.
Bg5 Ne7 10. Nh3 Bb7 11. Be2 c5 12. dxc5 dxc5 13. Rd1 Ne5 14. Qf4 Qb8 15. O-O
N5c6 16. Qxb8+ Rxb8 17. Bf4 Rc8 18. Rd6 Bd4+ 19. Kh1 Ra8 20. e5 Nf5 21. Rxd4
Ncxd4 22. Bd3 c4 23. Be4 {23.O-O-O illegal move} 23... Kd7 24. -- Rad8 25. --
Kc8 26. Rf2 b5 27. axb5 Nxb5 28. Bxb7+ Kxb7 29. Ne4 c3 30. bxc3 Rd1+ 31. Kh2
Rc8 32. Nhg5 Rd7 33. g4 Ne7 34. Nf6 Rdc7 35. Bd2 Nd5 36. Nfe4 Nb6 37. gxh5 gxh5
38. Rf1 Nc4 39. Bf4 a5 40. Rb1 Ka6 41. Ra1 Nb6 42. Kg3 Nxc3 43. Nxc3 Rxc3 44.
Bd2 R3c5 45. Nxf7 Rd5 46. Bf4 Rxc2 47. Ng5 Rc6 48. Ne4 Nd7 49. Ra3 Nxe5 50. Nf6
Nc4 51. Ra1 Rd3 52. Nxh5 e5 53. Bg5 e4 54. Kf4 exf3 55. Ke4 Rcd6 56. Nf4 Re3+
57. Kf5 f2 58. Rf1 Re5+ 0-1

[Event "III Scaccomatto A"]
[Site "Torino ITA"]
[Date "2000.11.23"]
[Round "6"]
[White "Maccagno, Giancarlo"]
[Black "Diana, Riccardo"]
[Result "1-0"]
[WhiteElo "2152"]
[BlackElo "1947"]
[PlyCount "53"]
[EventDate "2000.11.18"]

1. e4 e5 2. Bc4 Nf6 3. Nc3 c6 4. Nf3 d5 5. exd5 e4 6. Qe2 cxd5 7. Bb5+ Nc6 8.
Ne5 Qd6 9. d4 Be7 10. Bf4 Qe6 11. O-O-O O-O 12. f3 Bb4 13. Nb1 a6 14. Nxc6 bxc6
15. Ba4 Bd7 16. Nd2 Rfe8 17. Be5 Bd6 18. fxe4 Bxe5 19. exd5 cxd5 20. Bxd7 Nxd7
21. dxe5 Nxe5 22. Nf3 f6 23. Rhe1 Rad8 24. Nd4 Qb6 25. Qh5 Nd3+ 26. cxd3 Rxe1
27. Rxe1 1-0

[Event "III Scaccomatto A"]
[Site "Torino ITA"]
[Date "2000.11.23"]
[Round "6"]
[White "Mrdja, Milan"]
[Black "Gleizerov, Evgeny"]
[Result "0-1"]
[WhiteElo "2431"]
[BlackElo "2569"]
[PlyCount "94"]
[EventDate "2000.11.18"]

1. e4 e6 2. d4 d5 3. Nc3 Nf6 4. Bg5 Be7 5. e5 Nfd7 6. Bxe7 Qxe7 7. f4 O-O 8.
Nf3 c5 9. Qd2 Nc6 10. dxc5 f6 11. exf6 Qxf6 12. g3 Nxc5 13. O-O-O Rd8 14. Nd4
Bd7 15. Qe3 Rac8 16. Be2 Be8 17. Bg4 Bf7 18. Rhe1 Nxd4 19. Qxd4 Rc6 20. Kb1 a6
21. a3 h6 22. Re5 Rdd6 23. h4 Nd7 24. Re3 Bg6 25. Bh3 Qf7 26. Bf1 Nc5 27. Ree1
Nb3 28. Qf2 Na5 29. Bd3 Nc4 30. Qd4 Bh5 31. Ne2 Qc7 32. Ka2 Rd8 33. Rc1 e5 34.
fxe5 Nxe5 35. Rf1 Nxd3 36. Qxd3 d4 37. Nf4 Bf7+ 38. Kb1 Bc4 39. Qf3 Bxf1 40.
Qxf1 d3 41. Nxd3 Qxg3 42. h5 Rf6 43. Qh1 Qf3 44. Qh4 Rd5 45. Qc4 Kh7 46. Rg1
Rxh5 47. Qc7 Rf7 0-1

[Event "III Scaccomatto A"]
[Site "Torino ITA"]
[Date "2000.11.23"]
[Round "6"]
[White "Skembris, Spyridon"]
[Black "Faraoni, Enrico"]
[Result "1-0"]
[WhiteElo "2475"]
[BlackElo "2174"]
[PlyCount "87"]
[EventDate "2000.11.18"]

1. d4 Nf6 2. c4 g6 3. Nc3 Bg7 4. e4 d6 5. Bd3 c5 6. d5 a6 7. Nge2 e6 8. a4 exd5
9. cxd5 O-O 10. O-O b6 11. Bg5 Ra7 12. Qd2 Re8 13. Ng3 Rae7 14. Qf4 Ng4 15.
Bxe7 Qxe7 16. h3 Bh6 17. Qf3 Ne5 18. Qd1 Qh4 19. Re1 Nbd7 20. Nf1 Nf6 21. Be2
g5 22. Qc2 g4 23. hxg4 Nfxg4 24. Nd1 Kh8 25. g3 Rg8 26. Qc3 Qh3 27. Bf3 c4 28.
Bg2 Qh5 29. f4 Bg7 30. fxe5 Bxe5 31. Qxc4 Bd7 32. Nf2 Nxf2 33. Kxf2 Qg6 34. Ra3
Qf6+ 35. Rf3 Bd4+ 36. Ne3 Qe5 37. Rf4 b5 38. Qc7 Be8 39. b3 bxa4 40. bxa4 Bc5
41. Qd8 Qb2+ 42. Kg1 Bxe3+ 43. Rxe3 Qc1+ 44. Kh2 1-0

[Event "III Scaccomatto A"]
[Site "Torino ITA"]
[Date "2000.11.23"]
[Round "6"]
[White "Spinelli, Doriano"]
[Black "Raviola, Giuseppe"]
[Result "1/2-1/2"]
[WhiteElo "2189"]
[BlackElo "1909"]
[PlyCount "79"]
[EventDate "2000.11.18"]

1. e4 c5 2. d4 cxd4 3. c3 dxc3 4. Nxc3 d6 5. Nf3 Nc6 6. Bc4 e6 7. O-O Nf6 8.
Qe2 Be7 9. Rd1 e5 10. b4 Bg4 11. Be3 O-O 12. a3 Rc8 13. Rac1 a6 14. h3 Bxf3 15.
gxf3 b5 16. Bb3 Qd7 17. Kh2 Nh5 18. Nd5 Bd8 19. f4 Nxf4 20. Nxf4 exf4 21. Bxf4
Bc7 22. Bg3 Bb8 23. Qd3 Qa7 24. f4 Ne7 25. Rxc8 Rxc8 26. e5 Rd8 27. f5 d5 28.
Qf3 Qd7 29. Rf1 Bc7 30. Kg2 f6 31. exf6 gxf6 32. Qg4+ Kh8 33. Qh4 Rg8 34. Qxf6+
Rg7 35. Qf8+ Ng8 36. Rf3 Bxg3 37. Rxg3 Rxg3+ 38. Kxg3 Qc7+ 39. Kg4 Qe5 40. f6
1/2-1/2

[Event "III Scaccomatto A"]
[Site "Torino ITA"]
[Date "2000.11.23"]
[Round "6"]
[White "Straub, Peter"]
[Black "Sarno, Spartaco"]
[Result "0-1"]
[WhiteElo "2086"]
[BlackElo "2398"]
[PlyCount "38"]
[EventDate "2000.11.18"]

1. d4 Nf6 2. c4 g6 3. Nc3 d5 4. cxd5 Nxd5 5. g3 Bg7 6. Bg2 Nxc3 7. bxc3 c5 8.
Nf3 Nc6 9. e3 Qa5 10. Bd2 O-O 11. O-O Qc7 12. Qc2 Rd8 13. Rac1 b6 14. Ne5 Bxe5
15. dxe5 Ba6 16. Rfd1 Nxe5 17. Qe4 Be2 18. Re1 Bb5 19. Red1 Bc6 0-1

[Event "III Scaccomatto A"]
[Site "Torino ITA"]
[Date "2000.11.24"]
[Round "7"]
[White "Antoniacci, Riccardo"]
[Black "Raviola, Giuseppe"]
[Result "0-1"]
[WhiteElo "2065"]
[BlackElo "1909"]
[PlyCount "134"]
[EventDate "2000.11.18"]

1. e4 c5 2. Nf3 Nc6 3. d4 cxd4 4. Nxd4 Nf6 5. Nc3 e5 6. Ndb5 d6 7. Bg5 a6 8.
Na3 b5 9. Nd5 Be7 10. Bxf6 Bxf6 11. c3 O-O 12. Nc2 Rb8 13. Qd3 a5 14. Rd1 Be6
15. Be2 Bg5 16. Nce3 b4 17. Nf5 bxc3 18. bxc3 Bxf5 19. exf5 Rb2 20. h4 Bf6 21.
Qe4 Nb8 22. Rh3 Nd7 23. Qg4 e4 24. h5 Ne5 25. Qxe4 h6 26. f4 Nd7 27. Re3 Bh4+
28. Kf1 Nf6 29. Nxf6+ Bxf6 30. Bc4 Qc7 31. Qd5 Qb6 32. Rde1 Bh4 33. g3 Bxg3 34.
R1e2 Rxe2 35. Kxe2 Bxf4 36. Rf3 Qb2+ 37. Kf1 Qh2 38. Rf2 Qh3+ 39. Qg2 Qe3 40.
Qf3 Qc1+ 41. Kg2 Be5 42. Bd3 Qg5+ 43. Kf1 Bxc3 44. f6 Bxf6 45. Qe4 g6 46. hxg6
fxg6 47. Rf4 Qxf4+ 48. Qxf4 Be5 49. Qxf8+ Kxf8 50. Bxg6 Kg7 51. Be4 Kf6 52. Bd5
Kf5 53. Kg2 Kf4 54. Bf3 Ke3 55. Bc6 Kd4 56. Kf3 d5 57. Bb5 h5 58. Ba6 Kc3 59.
Bb7 d4 60. Ke2 d3+ 61. Ke1 d2+ 62. Kd1 a4 63. Bc6 a3 64. Ba4 h4 65. Ke2 h3 66.
Kf2 Kb2 67. Bb3 Kc1 0-1

[Event "III Scaccomatto A"]
[Site "Torino ITA"]
[Date "2000.11.24"]
[Round "7"]
[White "Cebalo, Miso"]
[Black "Lazic, Miroljub"]
[Result "1/2-1/2"]
[WhiteElo "2520"]
[BlackElo "2488"]
[PlyCount "34"]
[EventDate "2000.11.18"]

1. d4 d6 2. Nf3 c6 3. c4 Nf6 4. Nc3 Bf5 5. h3 h6 6. g4 Bh7 7. Rg1 Ne4 8. Nxe4
Bxe4 9. e3 e6 10. Bd3 Bxd3 11. Qxd3 Nd7 12. Bd2 d5 13. cxd5 cxd5 14. O-O-O Qf6
15. Ne5 Rc8+ 16. Bc3 a6 17. Kb1 Nxe5 1/2-1/2

[Event "III Scaccomatto A"]
[Site "Torino ITA"]
[Date "2000.11.24"]
[Round "7"]
[White "Diana, Riccardo"]
[Black "Van Hoolandt, Patrick"]
[Result "1/2-1/2"]
[WhiteElo "1947"]
[BlackElo "2169"]
[PlyCount "63"]
[EventDate "2000.11.18"]

1. c4 e5 2. Nc3 Nc6 3. g3 g6 4. Bg2 Bg7 5. Nf3 d6 6. O-O Nf6 7. d3 O-O 8. Bd2
h6 9. Rb1 a5 10. a3 Be6 11. Ne1 d5 12. cxd5 Nxd5 13. Nc2 Nd4 14. Nxd4 exd4 15.
Nxd5 Bxd5 16. Bxd5 Qxd5 17. Qc1 Qh5 18. e4 Qf3 19. Rd1 Qxd3 20. Bb4 Qxe4 21.
Bxf8 Bxf8 22. Qxc7 h5 23. Qd7 Bc5 24. Re1 Qf3 25. Re8+ Rxe8 26. Qxe8+ Kh7 27.
Qe1 d3 28. Qd2 h4 29. gxh4 Qg4+ 30. Kh1 Qf3+ 31. Kg1 Qg4+ 32. Kh1 1/2-1/2

[Event "III Scaccomatto A"]
[Site "Torino ITA"]
[Date "2000.11.24"]
[Round "7"]
[White "Malano, Francesco"]
[Black "Fittante, Giuliana"]
[Result "1/2-1/2"]
[WhiteElo "2028"]
[BlackElo "1812"]
[PlyCount "140"]
[EventDate "2000.11.18"]

1. d4 Nf6 2. Nc3 d5 3. Bg5 Bf5 4. f3 c6 5. e3 Nbd7 6. Nge2 h6 7. Bh4 Qb6 8. Qd2
Qxb2 9. Rb1 Qxc2 10. Qxc2 Bxc2 11. Rxb7 e6 12. Kd2 Bh7 13. Nc1 Bd6 14. Nd3 Nb6
15. Nc5 O-O 16. e4 dxe4 17. fxe4 Rfd8 18. Kc2 e5 19. dxe5 Bxe5 20. Bd3 Re8 21.
Rf1 Bg6 22. h3 Bd4 23. e5 Rxe5 24. Bxg6 Rxc5 25. Bxf7+ Kh8 26. Rf3 Ne4 27. Be7
Rxc3+ 28. Rxc3 Nxc3 29. Kd3 Be5 30. Bc5 Rd8+ 31. Ke3 Nb5 32. Ke4 Bd4 33. Be7
Rd7 34. Rb8+ Kh7 35. Kf5 Rd5+ 36. Kg4 Bf6 37. Bxd5 cxd5 38. Bxf6 gxf6 39. Kf5
Nd6+ 40. Kxf6 Nbc4 41. Rd8 Ne4+ 42. Ke6 Nb6 43. Rb8 Nc5+ 44. Kd6 d4 45. Re8
Nbd7 46. Re7+ Kg6 47. Kd5 d3 48. Re1 Kg5 49. g3 a5 50. Kd4 a4 51. Kc3 Kf5 52.
Kd4 h5 53. Rf1+ Kg5 54. Rd1 a3 55. Rf1 Kg6 56. Rd1 Kf5 57. Rf1+ Kg5 58. Rd1 h4
59. g4 Kf4 60. Rf1+ Kg3 61. g5 Ne6+ 62. Kxd3 Nxg5 63. Rg1+ Kf4 64. Rg4+ Kf5 65.
Rxh4 Ne5+ 66. Kc3 Ng6 67. Rh5 Nf4 68. Rh8 Ngxh3 69. Kb3 Nf2 70. Kxa3 N2d3
1/2-1/2

[Event "III Scaccomatto A"]
[Site "Torino ITA"]
[Date "2000.11.24"]
[Round "7"]
[White "Paragua, Mark"]
[Black "Jurkovic, Ante"]
[Result "1-0"]
[WhiteElo "2412"]
[BlackElo "2370"]
[PlyCount "69"]
[EventDate "2000.11.18"]

1. e4 e6 2. d3 c5 3. Nf3 Nc6 4. g3 g6 5. Bg2 Bg7 6. O-O Nge7 7. c3 e5 8. Be3 d6
9. d4 exd4 10. cxd4 Bg4 11. dxc5 dxc5 12. Nbd2 Bxb2 13. Rb1 Bd4 14. Rxb7 Bxe3
15. fxe3 O-O 16. Qc1 Rc8 17. Qxc5 Na5 18. Qxe7 Nxb7 19. Qxb7 Qa5 20. Qd5 Rc5
21. Qd6 Rc2 22. Qf4 Be6 23. Qh6 Qh5 24. Qxh5 gxh5 25. Nb3 Rxa2 26. Nbd4 Bc4 27.
Rc1 Be2 28. Nh4 Rb8 29. e5 Bg4 30. Bd5 Rab2 31. Rf1 Rf8 32. Nhf5 Bxf5 33. Nxf5
Rb6 34. Nd6 Kg7 35. Rf6 1-0

[Event "III Scaccomatto A"]
[Site "Torino ITA"]
[Date "2000.11.24"]
[Round "7"]
[White "Quinn, Mark Peter"]
[Black "Genova, Ruzka"]
[Result "1-0"]
[WhiteElo "2381"]
[BlackElo "2191"]
[PlyCount "67"]
[EventDate "2000.11.18"]

1. c4 c5 2. Nc3 b6 3. Nf3 Bb7 4. d4 cxd4 5. Nxd4 Nc6 6. e4 e6 7. a3 d6 8. Be2
Nf6 9. O-O Be7 10. Kh1 O-O 11. b4 a6 12. Be3 Qc7 13. Rc1 Rac8 14. Nd5 exd5 15.
cxd5 Qd7 16. dxc6 Bxc6 17. Bxa6 Bb7 18. Bb5 Qd8 19. Rxc8 Qxc8 20. Nf5 Qe6 21.
f3 Ra8 22. Nxe7+ Qxe7 23. Qd3 d5 24. Bxb6 dxe4 25. fxe4 Bxe4 26. Qg3 Nh5 27.
Qg4 Nf6 28. Rxf6 h5 29. Rxf7 Kxf7 30. Qxh5+ Ke6 31. Qg4+ Ke5 32. Qg3+ Kf5 33.
Bd7+ Kf6 34. Bd4+ 1-0

[Event "III Scaccomatto A"]
[Site "Torino ITA"]
[Date "2000.11.24"]
[Round "7"]
[White "Racioppo, Paolo"]
[Black "Soncin, Denis"]
[Result "1-0"]
[WhiteElo "2189"]
[BlackElo "2147"]
[PlyCount "56"]
[EventDate "2000.11.18"]

1. e4 c5 2. Nc3 e6 3. g3 Nc6 4. Bg2 g6 5. Nge2 Bg7 6. d3 Nge7 7. h4 h6 8. Be3
d6 9. Qd2 Rb8 10. O-O e5 11. Nd5 Nxd5 12. exd5 Ne7 13. c3 Nf5 14. d4 cxd4 15.
cxd4 O-O 16. dxe5 Nxe3 17. Qxe3 Bxe5 18. Qxa7 Bg4 19. Nc3 f5 20. f4 Bf6 21.
Rae1 g5 22. hxg5 hxg5 23. Re6 gxf4 24. gxf4 b6 25. Nb5 Rf7 26. Qa3 Rd7 27. Rfe1
Qf8 28. Qe3 Kf7 1-0

[Event "III Scaccomatto A"]
[Site "Torino ITA"]
[Date "2000.11.24"]
[Round "7"]
[White "Rossi, Giampiero"]
[Black "Saccona, Silvano"]
[Result "0-1"]
[WhiteElo "2101"]
[BlackElo "2113"]
[PlyCount "98"]
[EventDate "2000.11.18"]

1. d4 c6 2. c4 d5 3. cxd5 cxd5 4. Nc3 Nf6 5. Nf3 e6 6. Bf4 a6 7. e3 b5 8. Bd3
Be7 9. h3 O-O 10. O-O Nbd7 11. Qe2 Nb6 12. Rfc1 Nc4 13. a4 b4 14. Nd1 Nd6 15.
Ne5 Bb7 16. Nc6 Bxc6 17. Rxc6 a5 18. Rac1 h6 19. b3 Nfe8 20. f3 Qd7 21. R6c2
Bd8 22. Nf2 Bb6 23. Ng4 f6 24. Kh1 Ra7 25. Qe1 h5 26. Nf2 Qe7 27. Rc6 Rb7 28.
Ba6 Rb8 29. Qd2 Rf7 30. Bh2 Bd8 31. Bd3 f5 32. Bf1 g5 33. Nd3 Ra8 34. Ne5 Rg7
35. Qe2 g4 36. hxg4 hxg4 37. fxg4 fxg4 38. Nxg4 Qh4 39. Kg1 Ne4 40. Rxe6 Bg5
41. Rxe4 dxe4 42. Rc5 Raa7 43. Re5 Rae7 44. Rxa5 Rh7 45. g3 Qh5 46. Rb5 Kh8 47.
Kf2 Ref7+ 48. Ke1 Rf3 49. Rxg5 Qxg5 0-1

[Event "III Scaccomatto A"]
[Site "Torino ITA"]
[Date "2000.11.24"]
[Round "7"]
[White "Sarno, Spartaco"]
[Black "Ulibin, Mikhail"]
[Result "0-1"]
[WhiteElo "2398"]
[BlackElo "2568"]
[PlyCount "60"]
[EventDate "2000.11.18"]

1. c4 e5 2. Nc3 Nc6 3. g3 g6 4. Bg2 Bg7 5. Rb1 a5 6. e3 d6 7. Nge2 Nh6 8. O-O
O-O 9. d3 Kh8 10. a3 g5 11. b4 axb4 12. axb4 g4 13. Nd5 Ne7 14. Nxe7 Qxe7 15.
b5 f5 16. Nc3 Nf7 17. Nd5 Qd8 18. e4 c6 19. bxc6 bxc6 20. Nb4 f4 21. gxf4 exf4
22. Bxf4 Qf6 23. Qd2 Ne5 24. Bxe5 dxe5 25. d4 Qh4 26. f4 gxf3 27. Rxf3 Rxf3 28.
Bxf3 exd4 29. Nxc6 Qf6 30. Qg2 Ra3 0-1

[Event "III Scaccomatto A"]
[Site "Torino ITA"]
[Date "2000.11.24"]
[Round "7"]
[White "Scarenzio, Renato"]
[Black "Mrdja, Milan"]
[Result "0-1"]
[WhiteElo "2024"]
[BlackElo "2431"]
[PlyCount "136"]
[EventDate "2000.11.18"]

1. d4 Nf6 2. c4 c5 3. d5 e6 4. Nc3 exd5 5. cxd5 d6 6. e4 g6 7. f3 Bg7 8. Bg5
O-O 9. Qd2 a6 10. a4 Re8 11. Nge2 Nbd7 12. Nd1 Rb8 13. Nec3 h6 14. Be3 Nh7 15.
Be2 f5 16. exf5 gxf5 17. O-O Ng5 18. Re1 Nf7 19. Nf2 Nde5 20. a5 Bd7 21. Na4
Bb5 22. Nb6 Nd7 23. Bxb5 axb5 24. Nxd7 Qxd7 25. Nd3 Rxe3 26. Rxe3 Bd4 27. Rae1
Re8 28. Kf1 Bxe3 29. Rxe3 b4 30. Rxe8+ Qxe8 31. Qe2 Qa4 32. Qe6 c4 33. Qc8+ Kg7
34. Qxc4 Qxa5 35. Qd4+ Kg8 36. Qxb4 Qxd5 37. Nf4 Qc6 38. Ke2 Qc2+ 39. Ke1 Qc5
40. Qxc5 dxc5 41. Ke2 Nd6 42. Ne6 b6 43. Nf4 Kf7 44. Kd2 b5 45. b3 Kf6 46. g3
Ke5 47. Kd3 Nb7 48. Ke3 Na5 49. Nd3+ Kd5 50. b4 cxb4 51. Nxb4+ Kc4 52. Nd3 Kc3
53. Nf4 Nc4+ 54. Kf2 Kd2 55. Ne6 Kd3 56. Nf4+ Kd2 57. Nd5 Ne5 58. Kf1 Nxf3 59.
h3 Kd3 60. Kg2 Ne5 61. Kf1 Kd4 62. Nf4 b4 63. Ke2 b3 64. Kd2 Nc4+ 65. Kc1 Ke4
66. Kb1 Kf3 67. Nh5 Kg2 68. Ng7 Ne3 0-1

[Event "III Scaccomatto A"]
[Site "Torino ITA"]
[Date "2000.11.24"]
[Round "7"]
[White "Straub, Peter"]
[Black "Spinelli, Doriano"]
[Result "0-1"]
[WhiteElo "2086"]
[BlackElo "2189"]
[PlyCount "38"]
[EventDate "2000.11.18"]

1. Nf3 d5 2. d4 e6 3. c4 Be7 4. Nc3 Nf6 5. g3 O-O 6. Bg2 dxc4 7. O-O c5 8. Qa4
cxd4 9. Rd1 Bd7 10. Nb5 a6 11. Nfxd4 Bxb5 12. Nxb5 axb5 13. Qc2 Qc7 14. h3 Nc6
15. Bf4 e5 16. Be3 Nb4 17. Qb1 Rfd8 18. Rc1 Nbd5 19. Bd2 Nf4 0-1